000 00593nam a2200205Ia 4500
001 15569
003 GE_BSU
008 181216s||||||||xx |||||||||||||| ||und||
040 _cGE_BSU
080 _a821.353.1-32
100 _aჩხიკვაძე, პანტელეიმონ
245 _aმოთხრობები
245 _cრედ.ბ.ჩხეიძე
260 _aტფილისი
260 _bსახელგამის გა-მა
260 _c1934
300 _a327გვ. ; 21სმ
653 _aმოთხრობები
942 _cBK
999 _c48669
_d48669